[Event "Copa Latinoamericana de Ajedrez 2011"]
[Site "Montevideo URU"]
[Date "2011.11.04"]
[Round "6.19"]
[White "Leiva, Giuseppe"]
[Black "Fusco, Leonardo"]
[Result "0-1"]
[WhiteElo "2183"]
[BlackElo "2383"]
[PlyCount "90"]
[EventDate "2011.11.01"]
[EventType "swiss"]
[EventRounds "9"]
[EventCountry "URU"]
[Source "lmi"]
[SourceDate "2011.11.01"]

1. d4 Nf6 2. Nf3 g6 3. c4 Bg7 4. g3 O-O 5. Bg2 d5 6. cxd5 Nxd5 7. O-O Nc6 8.
Nc3 Nb6 9. d5 Na5 10. Qc2 c6 11. dxc6 Nxc6 12. Rd1 Qe8 13. Nb5 Nb4 14. Qc5 Na6
15. Qg5 f6 16. Qe3 Qxb5 17. Qxe7 Re8 18. Nd4 Rxe7 19. Nxb5 Bg4 20. Bf4 Bf8 21.
Nd6 g5 22. Be3 Rb8 23. a4 Bxe2 24. Rd2 Rd7 25. a5 Rxd6 26. axb6 Rxd2 27. bxa7
Rd1+ 28. Rxd1 Bxd1 29. Bxb7 Re8 30. Bc6 Rc8 31. Bb7 Re8 32. Bc6 Nc7 33. Bxe8
Bf3 34. Ba4 Kf7 35. Bb3+ Ke8 36. Bg8 h6 37. Bd4 Be7 38. Bc4 Kd7 39. h3 Kc8 40.
g4 Kb7 41. b3 Nd5 42. Ba6+ Ka8 43. Bc8 Nf4 44. Be3 Bd6 45. Kf1 Nxh3 0-1

[Event "Copa Latinoamericana de Ajedrez 2011"]
[Site "Montevideo URU"]
[Date "2011.11.04"]
[Round "6.20"]
[White "Egoroff, Jomar"]
[Black "Chadwick, Norman"]
[Result "1-0"]
[WhiteElo "2311"]
[BlackElo "2196"]
[PlyCount "115"]
[EventDate "2011.11.01"]
[EventType "swiss"]
[EventRounds "9"]
[EventCountry "URU"]
[Source "lmi"]
[SourceDate "2011.11.01"]

1. e4 Nf6 2. e5 Nd5 3. d4 d6 4. Nf3 dxe5 5. Nxe5 c6 6. Nd2 Nd7 7. Ndf3 Nxe5 8.
Nxe5 g6 9. Qf3 Be6 10. Bc4 Bg7 11. O-O O-O 12. Re1 Nc7 13. Bxe6 Nxe6 14. c3 Qd5
15. Qxd5 cxd5 16. Bd2 Rfe8 17. Re2 Nd8 18. Rae1 f6 19. Nd3 Kf7 20. Nf4 Rc8 21.
Nxd5 Nc6 22. Bf4 e5 23. dxe5 fxe5 24. Bg3 Rcd8 25. Ne3 Na5 26. Ng4 Nc4 27. b3
h5 28. Re4 hxg4 29. Rxc4 Rc8 30. Rxc8 Rxc8 31. c4 Rd8 32. Kf1 Rd2 33. Bxe5 Bxe5
34. Rxe5 Rxa2 35. Rd5 b6 36. b4 Kf6 37. b5 Rc2 38. Rd6+ Kf5 39. Rc6 Kg5 40. Rc7
Ra2 41. h3 gxh3 42. gxh3 Kf4 43. Kg2 Kg5 44. Kg3 Ra3+ 45. f3 Ra4 46. h4+ Kf5
47. Rf7+ Ke6 48. Rf4 Ra1 49. Kf2 Ra3 50. Kg3 Ra1 51. Rd4 Rh1 52. Kg4 Rg1+ 53.
Kf4 Rg2 54. Rd8 Ke7 55. Ra8 Ra2 56. c5 bxc5 57. b6 Rb2 58. bxa7 1-0

[Event "Copa Latinoamericana de Ajedrez 2011"]
[Site "Montevideo URU"]
[Date "2011.11.04"]
[Round "6.21"]
[White "Espinoza Palomino, Willyam"]
[Black "Escandon, Federico"]
[Result "1/2-1/2"]
[WhiteElo "2273"]
[BlackElo "2145"]
[PlyCount "63"]
[EventDate "2011.11.01"]
[EventType "swiss"]
[EventRounds "9"]
[EventCountry "URU"]
[Source "lmi"]
[SourceDate "2011.11.01"]

1. e4 e6 2. d4 d5 3. Nc3 Nf6 4. Bg5 Bb4 5. e5 h6 6. Bd2 Bxc3 7. bxc3 Ne4 8. Qg4
g6 9. Bd3 Nxd2 10. Kxd2 c5 11. Nf3 c4 12. Be2 Nc6 13. h4 b6 14. a4 Qe7 15. Qf4
Bd7 16. h5 g5 17. Qf6 O-O-O 18. Ke3 Rhe8 19. Qxe7 Rxe7 20. Nh2 Ree8 21. f4
gxf4+ 22. Kxf4 f6 23. exf6 e5+ 24. dxe5 Rxe5 25. Bf3 Rf8 26. Ng4 Bxg4 27. Kxg4
Rxf6 28. Rad1 Re3 29. Rhe1 Rxc3 30. Rxd5 Rxc2 31. Rf5 Rxf5 32. Kxf5 1/2-1/2

[Event "Copa Latinoamericana de Ajedrez 2011"]
[Site "Montevideo URU"]
[Date "2011.11.04"]
[Round "6.22"]
[White "Lopez Azambuja, Nicolas"]
[Black "Rodriguez, Santiago"]
[Result "1/2-1/2"]
[WhiteElo "2166"]
[BlackElo "2269"]
[PlyCount "52"]
[EventDate "2011.11.01"]
[EventType "swiss"]
[EventRounds "9"]
[EventCountry "URU"]
[Source "lmi"]
[SourceDate "2011.11.01"]

1. d4 Nf6 2. c4 e6 3. Nc3 Bb4 4. Qc2 d5 5. cxd5 exd5 6. Bg5 h6 7. Bxf6 Qxf6 8.
a3 Bxc3+ 9. Qxc3 O-O 10. e3 c6 11. Nf3 Re8 12. Be2 Bg4 13. O-O Bxf3 14. Bxf3
Na6 15. b4 Nc7 16. Rab1 Ne6 17. Rfc1 a6 18. a4 Re7 19. Bd1 Rae8 20. Bc2 Qg5 21.
b5 axb5 22. axb5 cxb5 23. Rxb5 Rc7 24. Qd3 Ra8 25. Rb2 g6 26. Rcb1 h5 1/2-1/2

[Event "Copa Latinoamericana de Ajedrez 2011"]
[Site "Montevideo URU"]
[Date "2011.11.04"]
[Round "6.23"]
[White "Codigone, Maximiliano"]
[Black "Paveto, Kevin"]
[Result "0-1"]
[WhiteElo "2033"]
[BlackElo "2258"]
[PlyCount "54"]
[EventDate "2011.11.01"]
[EventType "swiss"]
[EventRounds "9"]
[EventCountry "URU"]
[Source "lmi"]
[SourceDate "2011.11.01"]

1. e4 e5 2. Nf3 Nc6 3. Bb5 a6 4. Ba4 Nf6 5. O-O b5 6. Bb3 Nxe4 7. d4 d5 8. Nc3
Nxc3 9. bxc3 e4 10. Ng5 f6 11. f3 Na5 12. Bxd5 Qxd5 13. fxe4 Qc6 14. Qh5+ g6
15. Qf3 Be7 16. d5 Qc5+ 17. Be3 Qxc3 18. Rad1 Bg4 19. Qf2 Bxd1 20. Rxd1 fxg5
21. Bd4 Rf8 22. Qxf8+ Bxf8 23. Bxc3 Nc4 24. e5 Bc5+ 25. Kh1 Ne3 26. Rd3 Rd8 27.
Bd2 Rxd5 0-1

[Event "Copa Latinoamericana de Ajedrez 2011"]
[Site "Montevideo URU"]
[Date "2011.11.04"]
[Round "6.24"]
[White "Bassan, Remo"]
[Black "Barboza, Mauro"]
[Result "1-0"]
[WhiteElo "2255"]
[BlackElo "2051"]
[PlyCount "76"]
[EventDate "2011.11.01"]
[EventType "swiss"]
[EventRounds "9"]
[EventCountry "URU"]
[Source "lmi"]
[SourceDate "2011.11.01"]

1. e4 e5 2. Nf3 Nc6 3. Bb5 a6 4. Ba4 Nf6 5. d3 b5 6. Bb3 Be7 7. c3 d6 8. Nbd2
Bg4 9. h3 Bh5 10. a4 Na5 11. Bc2 c5 12. Nf1 O-O 13. Ng3 Bg6 14. O-O Nd7 15. Bd2
Qc7 16. b4 Nc6 17. Bb3 Nb6 18. a5 Nd7 19. Rc1 Rac8 20. Re1 Qd8 21. Nf1 Kh8 22.
g4 f6 23. Ne3 Bf7 24. Nd5 Bg8 25. Kh2 Re8 26. Rg1 Nf8 27. Nb6 Rc7 28. Bxg8 Kxg8
29. Qb3+ Kh8 30. Nh4 g5 31. Nf5 Ng6 32. Be3 Bf8 33. Nd5 Rb7 34. Rgd1 Nf4 35.
Bxf4 exf4 36. d4 c4 37. Qc2 Rf7 38. f3 Qa8 1-0

[Event "Copa Latinoamericana de Ajedrez 2011"]
[Site "Montevideo URU"]
[Date "2011.11.04"]
[Round "6.25"]
[White "Tristan, Leonardo"]
[Black "Pesuto, Ivan"]
[Result "1-0"]
[WhiteElo "2463"]
[BlackElo "2129"]
[PlyCount "42"]
[EventDate "2011.11.01"]
[EventType "swiss"]
[EventRounds "9"]
[EventCountry "URU"]
[Source "lmi"]
[SourceDate "2011.11.01"]

1. d4 g6 2. c4 Bg7 3. Nc3 d6 4. e4 Nc6 5. d5 Nd4 6. Nge2 c5 7. Nxd4 cxd4 8. Nb5
Qb6 9. c5 dxc5 10. Bf4 Kf8 11. Bc7 Qf6 12. Rc1 a6 13. Na3 d3 14. Bxd3 Qxb2 15.
Nc4 Qb4+ 16. Kf1 b5 17. Ba5 Qa4 18. Qxa4 bxa4 19. Nb6 Rb8 20. Rxc5 Bg4 21. f3
Rd8 1-0

[Event "Copa Latinoamericana de Ajedrez 2011"]
[Site "Montevideo URU"]
[Date "2011.11.04"]
[Round "6.26"]
[White "Cori Tello, Deysi"]
[Black "Restuccia, Francisco"]
[Result "1-0"]
[WhiteElo "2414"]
[BlackElo "2136"]
[PlyCount "87"]
[EventDate "2011.11.01"]
[EventType "swiss"]
[EventRounds "9"]
[EventCountry "URU"]
[Source "lmi"]
[SourceDate "2011.11.01"]

1. d4 Nf6 2. c4 g6 3. Nf3 Bg7 4. g3 O-O 5. Bg2 c5 6. d5 b5 7. cxb5 Qa5+ 8. Nc3
Ne4 9. O-O Nxc3 10. bxc3 d6 11. Bg5 Re8 12. Rb1 Bf5 13. Rb3 Qxa2 14. Ne1 c4 15.
Rb4 h6 16. Bd2 a5 17. Ra4 Qb3 18. Qxb3 cxb3 19. e4 Bd7 20. c4 Na6 21. Nd3 Nc5
22. Nxc5 dxc5 23. Rb1 b2 24. Be3 Reb8 25. Bxc5 Bxb5 26. cxb5 Rxb5 27. Bxe7 Rc8
28. Ba3 Rb3 29. Bxb2 Bxb2 30. Rxa5 Rc2 31. Rd1 Bc3 32. Ra8+ Kg7 33. Rc8 Rbb2
34. Bf1 Ba5 35. Rxc2 Rxc2 36. Bd3 Rb2 37. f4 h5 38. Rb1 Rd2 39. Rb3 Kh6 40. h4
Ra2 41. d6 Rd2 42. e5 Kg7 43. Kf1 Kh6 44. Bc4 1-0

[Event "Copa Latinoamericana de Ajedrez 2011"]
[Site "Montevideo URU"]
[Date "2011.11.04"]
[Round "6.27"]
[White "Rodi, Luis Ernesto"]
[Black "Lopez Falcon, Jorge"]
[Result "0-1"]
[WhiteElo "2406"]
[BlackElo "2126"]
[PlyCount "162"]
[EventDate "2011.11.01"]
[EventType "swiss"]
[EventRounds "9"]
[EventCountry "URU"]
[Source "lmi"]
[SourceDate "2011.11.01"]

1. e4 c5 2. Nc3 Nc6 3. Bb5 Nd4 4. Bc4 e6 5. Nf3 Nf6 6. O-O b5 7. Nxb5 Nxb5 8.
Bxb5 Nxe4 9. Re1 Nf6 10. d4 Qb6 11. Qe2 cxd4 12. Ng5 Be7 13. Nxe6 fxe6 14. Qxe6
Qxe6 15. Rxe6 Kf7 16. Re2 Bb7 17. Bf4 Bc6 18. Bc4+ Bd5 19. Bb5 Bc5 20. a3 Rhe8
21. Rd2 Re4 22. Bg3 Rae8 23. Kf1 R4e6 24. b4 Bb6 25. f3 Rc8 26. a4 a5 27. Bf2
Bc4+ 28. Bxc4 Rxc4 29. b5 Re8 30. Rad1 Rxa4 31. Bxd4 Bxd4 32. Rxd4 Rxd4 33.
Rxd4 Rc8 34. Ra4 Rxc2 35. Rxa5 Rb2 36. Kg1 Nd5 37. g3 Nc3 38. Ra7 Ke7 39. Ra8
Nxb5 40. Rg8 Kf7 41. Rd8 Rd2 42. Kf1 Nc3 43. Ke1 Re2+ 44. Kf1 Re7 45. Kf2 d5
46. h4 h5 47. g4 hxg4 48. fxg4 Ne4+ 49. Kf3 Nf6 50. g5 Rd7 51. Ra8 Nh5 52. Ke3
d4+ 53. Kd2 Kg6 54. Rf8 Ng3 55. Kd3 Nf5 56. Ra8 Nxh4 57. Ra1 Nf5 58. Ra6+ Kxg5
59. Ra1 Re7 60. Kd2 Re3 61. Ra4 Kf4 62. Ra1 Ke4 63. Ra8 g5 64. Rg8 Rd3+ 65. Ke2
Ng3+ 66. Ke1 Kf4 67. Rf8+ Nf5 68. Ke2 Ra3 69. Kf2 Ra2+ 70. Ke1 g4 71. Kf1 d3
72. Ke1 g3 73. Rg8 Re2+ 74. Kd1 Ne3+ 75. Kc1 Rc2+ 76. Kb1 d2 77. Rf8+ Kg4 78.
Rg8+ Kf3 79. Rf8+ Kg2 80. Rd8 d1=Q+ 81. Rxd1 Nxd1 0-1

[Event "Copa Latinoamericana de Ajedrez 2011"]
[Site "Montevideo URU"]
[Date "2011.11.04"]
[Round "6.28"]
[White "Sanguinetti, Luis"]
[Black "Barrionuevo, Pablo"]
[Result "0-1"]
[WhiteElo "2138"]
[BlackElo "2336"]
[PlyCount "60"]
[EventDate "2011.11.01"]
[EventType "swiss"]
[EventRounds "9"]
[EventCountry "URU"]
[Source "lmi"]
[SourceDate "2011.11.01"]

1. d4 d5 2. c4 e6 3. Nc3 c5 4. cxd5 exd5 5. Nf3 Nc6 6. g3 Nf6 7. Bg2 Be7 8. O-O
O-O 9. Bg5 cxd4 10. Nxd4 h6 11. Be3 Re8 12. Qa4 Bd7 13. Rfd1 Na5 14. Qc2 Rc8
15. Nf5 Be6 16. Bd4 Bc5 17. e4 Bxf5 18. exf5 Bxd4 19. Rxd4 Nc6 20. Rd2 d4 21.
Qb3 Qb6 22. Nb5 Rcd8 23. Rad1 Ne4 24. Re2 Nc5 25. Rxe8+ Rxe8 26. Qc4 Ne5 27.
Qf1 d3 28. Nc3 Qxb2 29. Ne4 b6 30. f6 Qd4 0-1

[Event "Copa Latinoamericana de Ajedrez 2011"]
[Site "Montevideo URU"]
[Date "2011.11.04"]
[Round "6.29"]
[White "Genta, Alejandro"]
[Black "Matsuura, Frederico"]
[Result "1/2-1/2"]
[WhiteElo "2123"]
[BlackElo "2314"]
[PlyCount "173"]
[EventDate "2011.11.01"]
[EventType "swiss"]
[EventRounds "9"]
[EventCountry "URU"]
[Source "lmi"]
[SourceDate "2011.11.01"]

1. Nf3 e6 2. d4 f5 3. c4 Nf6 4. g3 d5 5. Bg2 c6 6. O-O Bd6 7. Qc2 O-O 8. Bf4
Bxf4 9. gxf4 Ne4 10. Ne5 Qh4 11. f3 Nd6 12. e3 Nd7 13. Nd2 Rf6 14. c5 Nf7 15.
Rfb1 Rh6 16. Nf1 Ndxe5 17. dxe5 g5 18. fxg5 Nxg5 19. f4 Ne4 20. Bxe4 fxe4 21.
Qf2 Rg6+ 22. Ng3 Bd7 23. Kh1 Rg4 24. Rg1 Kh8 25. Rg2 Rag8 26. Rag1 R8g6 27. Ne2
Qh5 28. Rxg4 Rxg4 29. Rxg4 Qxg4 30. Qg2 Qh5 31. h3 b6 32. b4 bxc5 33. bxc5 Qh4
34. Qg3 Qh5 35. Qg4 Qf7 36. Qg5 Qf8 37. Kg2 h6 38. Qg6 Qg7 39. Qxg7+ Kxg7 40.
Kg3 Kg6 41. Kg4 Kg7 42. Nd4 Kf7 43. h4 Kg6 44. a3 Kf7 45. Kg3 Kg6 46. Kh3 Kf7
47. Ne2 Bc8 48. Kg2 Kg6 49. Ng3 Ba6 50. Kf2 Bc8 51. Ke2 Ba6+ 52. Kd2 Bc8 53.
Kc3 Bd7 54. Kb4 Bc8 55. h5+ Kf7 56. Ka5 Ke7 57. Ne2 Kd7 58. Nd4 Bb7 59. Nb3 Bc8
60. Nd2 Kc7 61. Nf1 Kd7 62. Nh2 Ke7 63. Ng4 Kf8 64. Nxh6 d4 65. Kb4 dxe3 66.
Kc3 Ba6 67. Ng4 e2 68. Kd2 Kg7 69. Ke1 Bd3 70. Nf6 a5 71. Ng4 Kf7 72. Nf2 Kg7
73. Nh1 Kh6 74. Ng3 Bc4 75. Nxe2 Kxh5 76. Nd4 Kg4 77. Nxc6 Kxf4 78. Nxa5 Bb5
79. c6 Kxe5 80. c7 Ba6 81. Nc4+ Kd4 82. Nb6 Kc3 83. a4 Kb4 84. Kd2 Ka5 85. Nd7
Bc8 86. Nc5 Kb6 87. Nxe4 1/2-1/2

[Event "Copa Latinoamericana de Ajedrez 2011"]
[Site "Montevideo URU"]
[Date "2011.11.04"]
[Round "6.30"]
[White "Daneri, Martin"]
[Black "Leskovar, Matias"]
[Result "0-1"]
[WhiteElo "2110"]
[BlackElo "2280"]
[PlyCount "90"]
[EventDate "2011.11.01"]
[EventType "swiss"]
[EventRounds "9"]
[EventCountry "URU"]
[Source "lmi"]
[SourceDate "2011.11.01"]

1. b3 e5 2. Bb2 Nc6 3. e3 d5 4. Bb5 Bd6 5. Nf3 Qe7 6. d4 e4 7. Ne5 Bd7 8. Nxd7
Qxd7 9. c4 Nf6 10. cxd5 Bb4+ 11. Bc3 Nxd5 12. Bxb4 Ndxb4 13. a3 Nd5 14. Qc2 f5
15. Bxc6 bxc6 16. O-O O-O 17. Rc1 Rf6 18. Nd2 Re8 19. g3 Rh6 20. h4 f4 21. exf4
e3 22. Nf3 Nxf4 23. Ng5 exf2+ 24. Qxf2 Ne2+ 25. Kh2 Rf6 26. Qg2 Nxc1 27. Rxc1
Qxd4 28. Rc2 h6 29. Nh3 Qe4 30. Qd2 Rd6 31. Qc1 Qe1 32. Qxe1 Rxe1 33. Nf4 Re3
34. Rb2 g5 35. hxg5 hxg5 36. Nh3 Rdd3 37. Nxg5 Rxg3 38. Ne4 Rh3+ 39. Kg2 Rhe3
40. Nc5 Rc3 41. Kf2 Rh3 42. Kg2 Rcg3+ 43. Kf2 Rg5 44. Ne4 Rh2+ 45. Kf3 Rxb2 0-1

[Event "Copa Latinoamericana de Ajedrez 2011"]
[Site "Montevideo URU"]
[Date "2011.11.04"]
[Round "6.31"]
[White "Kasuo Okamura, Milton"]
[Black "Trois, Francisco R Terres"]
[Result "1/2-1/2"]
[WhiteElo "2107"]
[BlackElo "2275"]
[PlyCount "61"]
[EventDate "2011.11.01"]
[EventType "swiss"]
[EventRounds "9"]
[EventCountry "URU"]
[Source "lmi"]
[SourceDate "2011.11.01"]

1. d4 Nf6 2. c4 c6 3. Nf3 g6 4. Nc3 d5 5. Bf4 Bg7 6. e3 O-O 7. h3 dxc4 8. Bxc4
b5 9. Bd3 Bb7 10. O-O Nbd7 11. b4 a5 12. a3 Nb6 13. e4 Ne8 14. e5 Nd5 15. Nxd5
Qxd5 16. Qc2 Nc7 17. Be4 Qd7 18. Rfc1 Nd5 19. Bd2 axb4 20. axb4 f6 21. h4 f5
22. Bd3 e6 23. Qd1 Rfd8 24. Bc2 Bf8 25. Qe1 h6 26. Bb3 Kh7 27. Rab1 Be7 28.
Bxd5 Qxd5 29. Qe2 Bf8 30. Ra1 Rxa1 31. Rxa1 1/2-1/2

[Event "Copa Latinoamericana de Ajedrez 2011"]
[Site "Montevideo URU"]
[Date "2011.11.04"]
[Round "6.32"]
[White "Ulaneo, Nicolas"]
[Black "Cuevas Araya, Walter"]
[Result "1/2-1/2"]
[WhiteElo "2106"]
[BlackElo "2259"]
[PlyCount "109"]
[EventDate "2011.11.01"]
[EventType "swiss"]
[EventRounds "9"]
[EventCountry "URU"]
[Source "lmi"]
[SourceDate "2011.11.01"]

1. d4 Nf6 2. c4 e6 3. Nc3 Bb4 4. e3 O-O 5. Nge2 b6 6. a3 Be7 7. e4 d6 8. Ng3 c5
9. d5 e5 10. Be2 a6 11. O-O Ne8 12. b4 Bg5 13. bxc5 bxc5 14. Bb2 g6 15. Rb1 Ng7
16. Qd3 f5 17. f3 Bf4 18. Nh1 Qg5 19. Nd1 Nh5 20. Rf2 Bd2 21. Bc3 Bxc3 22. Qxc3
Nf4 23. Kf1 Nd7 24. Qe3 Qd8 25. Ke1 Nf6 26. g3 Nh3 27. Rf1 f4 28. Qd2 Bd7 29.
Nhf2 Nxf2 30. Nxf2 Nh5 31. g4 Ng7 32. Bd3 Qc7 33. Ke2 Rfb8 34. Rxb8+ Rxb8 35.
Qc2 Qa5 36. Rb1 Rb6 37. Rxb6 Qxb6 38. Qb1 Qxb1 39. Bxb1 Kf7 40. Bc2 Ke7 41. Nd1
Kd8 42. Nb2 Kc7 43. Ba4 Bc8 44. Bc6 h5 45. h3 hxg4 46. hxg4 Ne6 47. Be8 Nd4+
48. Kf2 g5 49. Ba4 Kb6 50. Bd1 Bd7 51. Kg2 Ka5 52. Kf2 Be8 53. Kg2 Kb6 54. Kf2
Bd7 55. Kg2 1/2-1/2

[Event "Copa Latinoamericana de Ajedrez 2011"]
[Site "Montevideo URU"]
[Date "2011.11.04"]
[Round "6.33"]
[White "Bentancor, Franco"]
[Black "Colombo, Camila"]
[Result "0-1"]
[WhiteElo "2240"]
[BlackElo "2096"]
[PlyCount "94"]
[EventDate "2011.11.01"]
[EventType "swiss"]
[EventRounds "9"]
[EventCountry "URU"]
[Source "lmi"]
[SourceDate "2011.11.01"]

1. Nf3 g6 2. e4 Bg7 3. d4 d6 4. Nc3 Nf6 5. h3 O-O 6. Be3 a6 7. Bd3 b6 8. Qd2
Re8 9. e5 dxe5 10. dxe5 Nd5 11. Bh6 Nxc3 12. Bxg7 Kxg7 13. Qxc3 Bb7 14. O-O-O
Qc8 15. Ng5 f6 16. e6 h6 17. h4 hxg5 18. hxg5 Qxe6 19. Rh6 Qe5 20. Rxg6+ Kf7
21. Qc4+ Bd5 22. Qg4 Nc6 23. gxf6 Rg8 24. Rg7+ Rxg7 25. Qxg7+ Ke6 26. Qg4+ Kd6
27. Be4 Nb4 28. c4 c6 29. a3 Kc7 30. cxd5 Nxd5 31. Bxd5 cxd5 32. f7 Rf8 33. Qf3
e6 34. Rd3 Kb7 35. Re3 Qg5 36. Qh3 d4 37. f4 Qc5+ 38. Kb1 dxe3 39. Qxe6 Rd8 40.
g4 Rd1+ 41. Ka2 e2 42. f8=Q Qxf8 43. Qxe2 Qf7+ 44. b3 Qd7 45. Qe4+ Ka7 46. Kb2
Qd2+ 47. Qc2 Qd4+ 0-1

[Event "Copa Latinoamericana de Ajedrez 2011"]
[Site "Montevideo URU"]
[Date "2011.11.04"]
[Round "6.34"]
[White "De Lima, Carlos Alexandre"]
[Black "Quenallata, Luciano"]
[Result "1/2-1/2"]
[WhiteElo "2106"]
[BlackElo "2217"]
[PlyCount "96"]
[EventDate "2011.11.01"]
[EventType "swiss"]
[EventRounds "9"]
[EventCountry "URU"]
[Source "lmi"]
[SourceDate "2011.11.01"]

1. e4 c5 2. Nf3 d6 3. d4 cxd4 4. Nxd4 Nf6 5. Nc3 g6 6. Be3 Bg7 7. f3 Nc6 8. Qd2
O-O 9. O-O-O Nxd4 10. Bxd4 Be6 11. Kb1 Qc7 12. g4 Rfc8 13. h4 Qa5 14. Bxf6 Rxc3
15. Qxc3 Qxa2+ 16. Kc1 Bxf6 17. Qa3 Qxa3 18. bxa3 Rc8 19. g5 Bc3 20. Bh3 b5 21.
Bxe6 fxe6 22. h5 a5 23. hxg6 hxg6 24. f4 b4 25. axb4 axb4 26. Rdf1 Kg7 27. Rh3
Rc4 28. e5 dxe5 29. fxe5 Bxe5 30. Rhf3 b3 31. Rf7+ Kg8 32. Rf8+ Kh7 33. R8f7+
Bg7 34. Rxe7 Rxc2+ 35. Kd1 Rh2 36. Rff7 b2 37. Rb7 Rh1+ 38. Kc2 Kh8 39. Rxg7
b1=Q+ 40. Rxb1 Rh2+ 41. Kd3 Kxg7 42. Rb7+ Kf8 43. Kd4 Rg2 44. Ke5 Rxg5+ 45.
Kxe6 Rf5 46. Ra7 Rf4 47. Ke5 g5 48. Rb7 Rf3 1/2-1/2

[Event "Copa Latinoamericana de Ajedrez 2011"]
[Site "Montevideo URU"]
[Date "2011.11.04"]
[Round "6.35"]
[White "Arean, Martin"]
[Black "Perez Gormaz, Matias"]
[Result "0-1"]
[WhiteElo "2066"]
[BlackElo "2216"]
[PlyCount "78"]
[EventDate "2011.11.01"]
[EventType "swiss"]
[EventRounds "9"]
[EventCountry "URU"]
[Source "lmi"]
[SourceDate "2011.11.01"]

1. c4 e5 2. Nc3 Nc6 3. g3 Bc5 4. Bg2 Nf6 5. e3 a6 6. Nge2 d6 7. O-O O-O 8. d4
Ba7 9. b3 Bf5 10. a3 Qd7 11. Re1 Bh3 12. Bh1 Qg4 13. f3 Qh5 14. Bb2 Qh6 15. Qd3
Rae8 16. Nd5 exd4 17. exd4 Nxd5 18. cxd5 Re3 19. Qd2 Rxb3 20. f4 Na5 21. Qxa5
Rxb2 22. Qc3 Rb6 23. Rad1 Qf6 24. Bf3 Bd7 25. Qxc7 Ba4 26. Rd3 Rb2 27. Qc3 Rc2
28. Qb4 Bb5 29. Re3 g6 30. Qb1 Rfc8 31. Kh1 Bxe2 32. R3xe2 Rxe2 33. Rxe2 Bxd4
34. Qe1 Rc3 35. Bg2 Rxa3 36. Re8+ Kg7 37. Re4 Ra1 38. Rxd4 Rxe1+ 39. Bf1 Qxd4
0-1

[Event "Copa Latinoamericana de Ajedrez 2011"]
[Site "Montevideo URU"]
[Date "2011.11.04"]
[Round "6.36"]
[White "Cristobal, Manuel"]
[Black "Bustelo, Tabare"]
[Result "0-1"]
[WhiteElo "2208"]
[BlackElo "2091"]
[PlyCount "48"]
[EventDate "2011.11.01"]
[EventType "swiss"]
[EventRounds "9"]
[EventCountry "URU"]
[Source "lmi"]
[SourceDate "2011.11.01"]

1. d4 d5 2. Nf3 Bf5 3. Nh4 Be4 4. f3 e6 5. g3 Bg6 6. c3 Bxb1 7. Rxb1 Be7 8. Ng2
Nf6 9. Qb3 b6 10. Nf4 O-O 11. e4 c5 12. e5 Nfd7 13. Nxd5 exd5 14. Qxd5 Qc7 15.
e6 fxe6 16. Qxe6+ Kh8 17. Qxe7 Nc6 18. Qh4 cxd4 19. cxd4 Nb4 20. Bb5 Rae8+ 21.
Kf1 Qc2 22. Bf4 Qxb1+ 23. Kg2 Qc2+ 24. Kh3 Qf5+ 0-1

[Event "Copa Latinoamericana de Ajedrez 2011"]
[Site "Montevideo URU"]
[Date "2011.11.04"]
[Round "6.37"]
[White "Piñeiro, Dario"]
[Black "Bernal, Gustavo"]
[Result "1/2-1/2"]
[WhiteElo "2198"]
[BlackElo "2068"]
[PlyCount "131"]
[EventDate "2011.11.01"]
[EventType "swiss"]
[EventRounds "9"]
[EventCountry "URU"]
[Source "lmi"]
[SourceDate "2011.11.01"]

1. e4 e5 2. Nf3 Nc6 3. Bb5 a6 4. Ba4 Nf6 5. O-O Be7 6. Re1 b5 7. Bb3 d6 8. c3
O-O 9. d4 Bg4 10. d5 Na5 11. Bc2 c6 12. h3 Bc8 13. dxc6 Qc7 14. Nbd2 Qxc6 15.
Nf1 Nc4 16. Ng3 Re8 17. a4 Bb7 18. Nf5 Bf8 19. b3 Nb6 20. Bg5 Nbd7 21. c4 bxc4
22. bxc4 h6 23. Bxf6 Nxf6 24. Rb1 Rab8 25. Nd2 Ba8 26. Qf3 g6 27. Ne3 Bg7 28.
Rec1 Qc7 29. Qe2 Nd7 30. Nd5 Bxd5 31. cxd5 Rxb1 32. Nxb1 Rb8 33. Na3 Qc3 34.
Nc4 Bf8 35. Ne3 Nc5 36. Rd1 Rb2 37. Rb1 Rxb1+ 38. Bxb1 Qc1+ 39. Qd1 Qxd1+ 40.
Nxd1 Nxa4 41. f3 Be7 42. Bc2 Nc5 43. Nb2 Kf8 44. Nd3 Ke8 45. Nxc5 dxc5 46. Bd3
a5 47. Kf2 Kd8 48. Ke2 Kc7 49. Kd2 Kb6 50. Kc3 a4 51. Kc4 Ka5 52. Bb1 a3 53.
Ba2 Bd8 54. Bb3 f6 55. Ba2 f5 56. g4 fxe4 57. fxe4 h5 58. gxh5 gxh5 59. Bb3 h4
60. Ba2 Kb6 61. Bb3 Ka5 62. Ba2 Be7 63. Bb3 Kb6 64. Ba2 Bd6 65. Kc3 Kc7 66. Kc4
1/2-1/2

[Event "Copa Latinoamericana de Ajedrez 2011"]
[Site "Montevideo URU"]
[Date "2011.11.04"]
[Round "6.38"]
[White "Oddone, Cristhian"]
[Black "Meyer Monsalver, Ewald"]
[Result "1/2-1/2"]
[WhiteElo "2197"]
[BlackElo "2060"]
[PlyCount "45"]
[EventDate "2011.11.01"]
[EventType "swiss"]
[EventRounds "9"]
[EventCountry "URU"]
[Source "lmi"]
[SourceDate "2011.11.01"]

1. Nf3 e6 2. d3 Nf6 3. g3 Be7 4. Bg2 d6 5. O-O e5 6. c4 O-O 7. Nc3 c6 8. Rb1 a5
9. a3 Nbd7 10. Nd2 Re8 11. b4 axb4 12. axb4 Nf8 13. b5 d5 14. bxc6 bxc6 15.
cxd5 cxd5 16. Nc4 Ng6 17. Bg5 Be6 18. Bxf6 Bxf6 19. Nb6 Ra5 20. Qd2 d4 21. Nca4
Ra7 22. Rfc1 Bg5 23. Qb4 1/2-1/2

[Event "Copa Latinoamericana de Ajedrez 2011"]
[Site "Montevideo URU"]
[Date "2011.11.04"]
[Round "6.39"]
[White "Garcia Silveira, Luis"]
[Black "Granara Barreto, Sebastian"]
[Result "1-0"]
[WhiteElo "2053"]
[BlackElo "2190"]
[PlyCount "81"]
[EventDate "2011.11.01"]
[EventType "swiss"]
[EventRounds "9"]
[EventCountry "URU"]
[Source "lmi"]
[SourceDate "2011.11.01"]

1. c4 e5 2. Nc3 Nf6 3. g3 d5 4. cxd5 Nxd5 5. Bg2 Nb6 6. Nf3 Nc6 7. d3 Be7 8.
O-O O-O 9. Bd2 Be6 10. a3 f6 11. b4 Qd7 12. Re1 a5 13. b5 Nd4 14. Nxd4 exd4 15.
Ne4 Qxb5 16. Qc2 Rfc8 17. Reb1 Qh5 18. e3 Qf7 19. exd4 a4 20. Bb4 f5 21. Bxe7
fxe4 22. Bc5 exd3 23. Qxd3 Bf5 24. Be4 Bxe4 25. Qxe4 Nd5 26. Rxb7 Re8 27. Qd3
g6 28. Rbb1 Re6 29. Re1 Rae8 30. Rxe6 Qxe6 31. Rb1 Kg7 32. Qf3 Qf5 33. Qxf5
gxf5 34. Rb7 Kf6 35. Ra7 f4 36. Kg2 Kf5 37. Rxa4 fxg3 38. hxg3 h5 39. Ra6 h4
40. Rh6 Re2 41. Rxh4 1-0

[Event "Copa Latinoamericana de Ajedrez 2011"]
[Site "Montevideo URU"]
[Date "2011.11.04"]
[Round "6.40"]
[White "Chemin, Justo Reinaldo"]
[Black "Izquierdo, Sebastian"]
[Result "1-0"]
[WhiteElo "2184"]
[BlackElo "2046"]
[PlyCount "79"]
[EventDate "2011.11.01"]
[EventType "swiss"]
[EventRounds "9"]
[EventCountry "URU"]
[Source "lmi"]
[SourceDate "2011.11.01"]

1. d4 Nf6 2. c4 e6 3. Nf3 Bb4+ 4. Bd2 Qe7 5. a3 Bxd2+ 6. Qxd2 d6 7. Nc3 O-O 8.
e3 Nc6 9. Be2 e5 10. Nd5 Qd8 11. dxe5 dxe5 12. O-O Bf5 13. Rfd1 Re8 14. b4 Nxd5
15. cxd5 Nb8 16. Bb5 Bd7 17. Bc4 Ba4 18. Rdc1 Qd6 19. e4 Nd7 20. Rc3 a5 21. Rb1
axb4 22. axb4 Nf6 23. Qe2 Bd7 24. Ne1 Ra4 25. Nd3 b6 26. Rbc1 Ra7 27. h3 h6 28.
f4 exf4 29. e5 Qe7 30. Qf3 g5 31. exf6 Qxf6 32. Nf2 Kh8 33. Bf1 Qd6 34. Qh5 Kg7
35. Rc6 Bxc6 36. Rxc6 Qxd5 37. Qxh6+ Kg8 38. Bc4 Re1+ 39. Kh2 Qf5 40. Rg6+ 1-0